000 01042nam0a22002771 4500
001 rc\1037910
005 20041129103231.3
035 _a(NLR Aleph) 006200588
090 _a6262988
_c6262988
100 _a20041129d1981 u |0rusy50 ca
101 0 _arus
102 _aRU
105 _ay |||||||||
200 1 _aПроведение патентного поиска при определении уровня развития отрасли
210 _aКиев
_cО-во "Знание" УССР
_d1981
215 _a22 с.
_d20
300 _aВ вып. дан. 2-й авт.: Генриетта Владимировна Дручок
300 _aВ надзаг.: О-во "Знание" УССР
320 _aБиблиогр.: с. 22 (11 назв.)
700 1 _aГавриленко
_bА. П.
_gАлександр Петрович
701 1 _aДручок
_bГ. В.
_gГенриэтта Владимировна
801 0 _aRU
_bNLR
_gpsbo
801 1 _aRU
_bELAR
_2rusmarc
852 _aNLR
_j82-4/18239
942 _cBOOK
980 _aNB